Countries On Peninsulas - Statistics

General Stats
  • This quiz has been taken 99 times
    97 since last reset
  • The average score is 35 of 40
Answer Stats
Peninsula Countries % Correct
Iberian Peninsula Portugal
97%
Iberian Peninsula Spain
97%
Alaskan Peninsula United States
97%
Iberian Peninsula France
96%
Kamtchatka Peninsula Russia
93%
Iberian Peninsula Andorra
92%
Labrador Peninsula Canada
92%
Scandinavian Peninsula Sweden
92%
Scandinavian Peninsula Finland
91%
Balkans Greece
91%
Scandinavian Peninsula Norway
91%
Arabian Peninsula Saudi Arabia
91%
Horn of Africa Somalia
91%
Horn of Africa Ethiopia
89%
Balkans Serbia
89%
Indochina Peninsula Vietnam
89%
Horn of Africa Djibouti
88%
Arabian Peninsula Oman
88%
Arabian Peninsula Yemen
88%
Balkans Albania
87%
Balkans Croatia
87%
Balkans Montenegro
87%
Arabian Peninsula Qatar
87%
Indochina Peninsula Thailand
87%
Iberian Peninsula United Kingdom
87%
Balkans Bosnia and Herzegovina
86%
Indochina Peninsula Cambodia
86%
Indochina Peninsula Laos
86%
Arabian Peninsula United Arab Emirates
86%
Balkans Bulgaria
84%
Horn of Africa Eritrea
84%
Arabian Peninsula Iraq
84%
Indochina Peninsula Malaysia
83%
Indochina Peninsula Myanmar
83%
Arabian Peninsula Jordan
82%
Arabian Peninsula Kuwait
82%
Arabian Peninsula Bahrain
79%
Balkans Macedonia
76%
Balkans Turkey
76%
Deccan Peninsula India
75%
No matching quizzes found
Score Distribution
Percent of People with Each Score
Percentile by Number Answered
Your Score History
You have not taken this quiz since the last reset